[Event "Kostroma Volga Cup op"]
[Site "Kostroma"]
[Date "2008.07.??"]
[Round "2"]
[White "Dolgova, Tamara"]
[Black "Novitsky, Leonid"]
[Result "0-1"]
[WhiteElo "1907"]
[BlackElo "2113"]
[PlyCount "90"]
[EventDate "2008.07.??"]
[EventType "swiss"]
[EventRounds "9"]
[EventCountry "RUS"]
[SourceTitle "EXT 2009"]
[Source "ChessBase"]
[SourceDate "2008.11.26"]
[SourceVersion "1"]
[SourceVersionDate "2008.11.26"]
[SourceQuality "1"]

1. e4 c5 2. Nf3 Nc6 3. d4 cxd4 4. c3 dxc3 5. Nxc3 e6 6. Bc4 Bb4 7. 0-0 Bxc3 8. bxc3 Nge7 9. Bg5 b6 10. Qd6 f6 11. Bh4 Na5 12. Bb3 Nxb3 13. axb3 Ng6 14. Bg3 Qe7 15. Qc7 e5 16. Rxa7 Rxa7 17. Qxa7 Qc5 18. Rc1 Ne7 19. Nd2 d5 20. exd5 Qxd5 21. Nc4 Bb7 22. f3 Nc8 23. Qa1 0-0 24. Rd1 Qe6 25. Bf2 b5 26. Ne3 Nb6 27. Qb1 Rc8 28. Qb2 e4 29. fxe4 Qxe4 30. Rd4 Qc6 31. c4 bxc4 32. bxc4 Nd7 33. Qd2 Ne5 34. Rd8+ Rxd8 35. Qxd8+ Kf7 36. Qd4 h5 37. Bg3 Qxg2+ 38. Nxg2 Nf3+ 39. Kf2 Nxd4 40. Bb8 Bxg2 41. Kxg2 Ke6 42. Kf2 Nc6 43. Bc7 Ne5 44. Bxe5 Kxe5 45. Ke3 g5 0-1

[Event "Kostroma Volga Cup op"]
[Site "Kostroma"]
[Date "2008.07.??"]
[Round "4"]
[White "Sokolov, Igor"]
[Black "Novitsky, Leonid"]
[Result "1/2-1/2"]
[WhiteElo "2281"]
[BlackElo "2113"]
[PlyCount "73"]
[EventDate "2008.07.??"]
[EventType "swiss"]
[EventRounds "9"]
[EventCountry "RUS"]
[SourceTitle "EXT 2009"]
[Source "ChessBase"]
[SourceDate "2008.11.26"]
[SourceVersion "1"]
[SourceVersionDate "2008.11.26"]
[SourceQuality "1"]

1. d4 Nf6 2. c4 g6 3. Nc3 Bg7 4. e4 d6 5. Be2 0-0 6. Bg5 h6 7. Be3 e5 8. d5 Nbd7 9. Qd2 Nc5 10. f3 Nh5 11. 0-0-0 Nf4 12. g3 Nxe2+ 13. Ngxe2 Kh7 14. h4 f5 15. h5 g5 16. exf5 Bxf5 17. Bxc5 dxc5 18. g4 e4 19. gxf5 exf3 20. Ng3 Be5 21. Qf2 g4 22. Nce4 Qe7 23. Rhe1 Rae8 24. Kb1 Qh4 25. f6 Bxg3 26. Qxg3 Qxg3 27. Nxg3 Rxe1 28. Rxe1 Rxf6 29. Kc2 f2 30. Rf1 Rf3 31. Ne4 g3 32. Nxg3 Rxg3 33. Rxf2 Kg7 34. Re2 Rf3 35. Re7+ Rf7 36. Re6 Rf6 37. Re7+ 1/2-1/2